| 000 | 00844cam a2200253 4500 | ||
|---|---|---|---|
| 008 | 040319n2004 000 0 eng u | ||
| 020 | _a1860816438 | ||
| 035 | _a(Sirsi) u125486 | ||
| 041 | _aeng | ||
| 050 |
_a674.83 _c18 |
||
| 100 | _aHalliwell, S. | ||
| 110 | _aBuilding Research Establishment | ||
| 245 |
_aWood plastic composites _bmarket drivers and opportunities in Europe |
||
| 260 |
_aWatford _bBRE _c2004 |
||
| 300 |
_a6p. _c30cm |
||
| 490 |
_aBRE Information Paper _v2/04 |
||
| 520 | _aDiscusses the demand and market for wood plastic composites. Examines: raw materials; production; market development; benefits; and future development. | ||
| 650 | _aWOOD PLASTIC COMPOSITES | ||
| 650 | _aCOMPOSITE MATERIALS | ||
| 650 | _aWOOD | ||
| 650 | _aPOLYMERS | ||
| 690 | _aBUILT ENVIRONMENT-BUILDING MATERIALS | ||
| 942 | _n0 | ||
| 999 |
_c103406 _d103406 |
||